000 00505nam a2200181Ia 4500
008 230917s9999||||xx |||||||||||||| ||und||
020 _cGBP74.99
040 _e251729
_aMAIN
041 _aEnglish
082 _a320.850973 J881C(10)
100 _aJudd, Dennis R
245 0 _aCity politics: The political economy of urban America
250 _a10th ed.
260 _aNew York
_bRoutledge
_c2019
300 _axvi, 503 p.
500 _a3333 29/11/2018 RBP18/73090 13/12/2018 Main Budget
942 _cBK
999 _c29100
_d29100